| 000 | 00349nam a22001337a 4500 | ||
|---|---|---|---|
| 008 | 230828b |||||||| |||| 00| 0 eng d | ||
| 082 | _a000-GUP | ||
| 100 |
_aGupta's R. _955427 |
||
| 245 |
_aGeneral Knowledge _hEnglish |
||
| 260 |
_aA.I.C.B. _bDelhi _cRohini |
||
| 270 | _aA.I.C.B. Rohini, Delhi | ||
| 300 | _a12x13 | ||
| 942 |
_2ddc _cBRLEN _k000 _mGUP |
||
| 999 |
_c197596 _d197596 |
||